| 000 | 00445nam a2200157Ia 4500 | ||
|---|---|---|---|
| 008 | 210716s2006 xx 000 0 und d | ||
| 020 | _a8131404463 | ||
| 041 | _aeng | ||
| 082 | _a005.435 MUNV | ||
| 100 | _aMunshi, Vishakha. | ||
| 245 |
_aVirtualization: concepts and applications. _bConcepts and applications. |
||
| 250 | _a1 | ||
| 260 |
_aHyderabad _bICFAI University Press _c2006 |
||
| 300 | _aviii,202 | ||
| 650 | _aVirtual Memory(004.54) | ||
| 999 |
_c202438 _d202438 |
||